| 000 | 00574mam a2200217 a 4500 | ||
|---|---|---|---|
| 001 | 1827694 | ||
| 003 | ARRUPE | ||
| 005 | 20161017113354.0 | ||
| 008 | 921008s1950 nyu b 000 0 eng d | ||
| 035 | _a(OCoLC)ocm26748415 | ||
| 035 | _a(NNC)1827694 | ||
| 040 |
_aCIN _cCIN _dNNC |
||
| 041 | 1 |
_aeng _hrus |
|
| 050 | _aPG3367.G5A64 | ||
| 100 | 1 |
_aTolstoy, Leo, _d1828-1910. _926545 |
|
| 245 | 1 | 0 |
_aAnna Karenina / _cLeo Tolstoy ; |
| 260 |
_aMunchen: _bDroemersche Verlagsanstalt, _cc1956. |
||
| 300 |
_a399p. ; p. ; _c19 cm. |
||
| 942 |
_2lcc _cMONOGRAPH |
||
| 999 |
_c125444 _d125444 |
||